[Event "Summer Prague Open A 2020"]
[Site "Prague"]
[Date "2020.08.13"]
[Round "7.10"]
[White "Schnider, Gert"]
[Black "Wedda, Dries"]
[Result "1/2-1/2"]
[WhiteElo "2423"]
[BlackElo "2172"]
[Annotator "TA"]
[PlyCount "130"]
[EventDate "2020.08.08"]
[EventCountry "CZE"]
[SourceTitle "playchess.com"]
[Source "ChessBase"]
[SourceQuality "1"]

{[%evp 9,129,26,26,19,18,26,21,20,63,17,16,15,28,-22,-16,-8,-14,-21,-17,-27,-10,-47,0,-8,0,-17,-23,-20,27,38,56,52,50,0,43,43,60,-4,-5,-12,-1,-10,0,-95,-121,-204,-211,-187,-191,-205,-118,-118,-108,-188,-123,-102,-107,-100,-85,-85,-85,-85,-85,-85,-85,-85,-85,-105,-105,-105,-85,-105,-85,-87,-85,-85,-85,-85,0,0,0,0,0,0,0,-93,0,-68,-8,-93,0,-93,-8,-86,0,-93,-56,-86,-82,-93,-71,-69,-74,-74,-80,-80,-80,-80,-80,-76,-69,-74,-76,-76,-78,-78,-78,-84,0,0,-189,0]} 1. e4 c5 2. Nf3 d6 3. Bb5+ Nd7 4. c3 Ngf6 5. Bd3 e6 6. Bc2 {B51: Sicilian: Moscow Variation (3 Bb5+) without 3...Bd7.} Be7 7. O-O O-O 8. d4 {[#]} a6 $146 ({Predecessor:} 8... cxd4 9. cxd4 e5 10. Nc3 h6 11. Re1 a6 12. a4 Qc7 13. Nh4 Nb6 14. Nf5 Bxf5 15. exf5 exd4 16. Qxd4 {1-0 (27) Tsekmes,D (1918)-Tsaknakis,Z (1848) Thessaloniki 2014}) 9. Qe2 b5 10. e5 Nd5 11. Qe4 {[%csl Gc2][%cal Re4h7]} g6 $1 12. Bh6 Re8 13. Nbd2 Bb7 14. Qe2 Qc7 15. Bb3 b4 16. dxc5 (16. Rfc1 {with more complications.} dxe5 17. dxe5 bxc3 18. bxc3 Rab8 19. Rab1) 16... dxe5 17. Bxd5 (17. cxb4 {is interesting.} Nxb4 18. Ba4 a5 19. a3 Nc6 20. Nb3) 17... exd5 18. cxb4 Bf6 19. Nb3 $1 d4 20. Rfe1 Bd5 21. b5 Bxb3 22. axb3 {b4 is the strong threat.} Nxc5 23. Nxd4 ({Better is} 23. b4 $1 $14 Nb7 24. bxa6) 23... e4 $36 {[%mdl 2048] Black fights for an advantage.} 24. Qc4 {[%cal Rb5a6]} Qd6 25. Nc2 Rac8 26. Rad1 (26. bxa6 $11 Bxb2 27. a7 Bxa1 28. Rxa1) 26... Qb8 $17 {aiming for ...Nd3.} 27. Qf1 (27. Qe2 $17) 27... Nd3 $1 $19 {[%mdl 64] Discovered Attack} ({Don't take} 27... Bxb2 28. bxa6 Qxb3 29. Ne3 $17) ({But not} 27... Qxb5 28. Qxb5 axb5 29. Na3 $17) ({Less strong is} 27... Nxb3 28. Nb4 $17) 28. Re2 Qxb5 29. f3 Qxb3 (29... Nxb2 $19 30. Rb1 Qh5) 30. fxe4 $17 Bxb2 31. Red2 (31. Ne3 $17 {is a better defense.} Bd4 32. Red2 Bxe3+ 33. Bxe3) 31... Rxc2 (31... Nc5 $19 32. Qf3 Bc3) 32. Rxd3 Qb6+ 33. Kh1 Bg7 34. Rd6 Qf2 35. Bxg7 Kxg7 36. Rxa6 Rxe4 37. Qxf2 Rxf2 {[%mdl 4096] Endgame KRR-KRR} 38. h3 Ree2 39. Rg1 h5 40. Ra4 g5 41. Kh2 h4 42. Raa1 f5 43. Raf1 g4 (43... Rxf1 $17 44. Rxf1 Kf6) 44. hxg4 $11 fxg4 45. Rxf2 Rxf2 {KR-KR} 46. Ra1 Kg6 (46... h3 $5) 47. Kg1 {[#]} (47. Ra6+ $11 Kg5 48. Ra5+ Rf5 49. Ra8) 47... Rf5 (47... g3 $1 $17 48. Ra6+ Kg5) 48. Rf1 (48. Kh2 $11) 48... Ra5 (48... g3 $15 49. Rxf5 Kxf5) 49. Rf8 {[#]} (49. Kh2 $11 {remains equal.}) 49... Kg5 ({Black should play} 49... g3 $1 $17 50. Rf1 Ra2) 50. Rf7 (50. Kh2 $11 {keeps the balance.}) 50... Ra6 ({Black should try} 50... g3 $17 {And now ...Ra1+ would win.} 51. Rf1 Ra2) 51. Rf8 (51. Rg7+ $11 Kf4 52. Rf7+ Kg3 53. Rf1) 51... Ra7 (51... g3 $17) 52. Rf1 (52. Rg8+ $11 Kf4 53. Kh2) 52... Ra4 53. Rf8 Ra1+ 54. Rf1 Rxf1+ (54... Ra2 {is more complex.} 55. Rd1 g3 56. Rd5+ Kf6 57. Rd1 Kf5) 55. Kxf1 $17 {KPP-KP} Kf4 56. Kf2 Ke4 {Strongly threatening ...g3+.} 57. Ke2 Kd4 {Hoping for ...Ke4.} 58. Kf2 Kd3 59. Kf1 Ke3 {White must now prevent ...g3.} 60. Ke1 g3 {( -> ...h3!)} 61. Kf1 Kd2 {Threatens to win with ...Ke3.} 62. Kg1 Ke2 63. Kh1 {[#]} h3 $1 {[%mdl 512]} 64. Kg1 $11 (64. gxh3 Kf2) 64... h2+ 65. Kh1 Ke3 {White happily takes the draw. Accuracy: White = 65%, Black = 70%.} 1/2-1/2

[Event "Summer Prague Open A 2020"]
[Site "Prague"]
[Date "2020.08.13"]
[Round "7.11"]
[White "Miedema, David"]
[Black "Jedlicka, Ales"]
[Result "1/2-1/2"]
[WhiteElo "2382"]
[BlackElo "2194"]
[Annotator "TA"]
[PlyCount "107"]
[EventDate "2020.08.08"]
[EventCountry "CZE"]
[SourceTitle "playchess.com"]
[Source "ChessBase"]
[SourceQuality "1"]

{[%evp 20,107,0,0,20,20,6,28,10,21,9,19,3,-3,0,-19,36,35,53,61,66,64,59,58,70,74,87,0,69,0,92,29,80,81,75,0,73,0,87,83,83,82,97,91,97,96,119,117,117,118,123,99,127,104,106,106,111,116,183,166,173,157,175,115,117,94,102,102,112,134,125,0,0,0,0,0,0,-29,35,0,0,-15,0,0,0,0,0,-29,-31,-74]} 1. d4 Nf6 2. c4 g6 3. Nc3 Bg7 4. e4 d6 5. f3 O-O 6. Be3 c5 7. dxc5 dxc5 8. Qxd8 Rxd8 9. Bxc5 Nc6 10. Nge2 b6 11. Ba3 $1 Bb7 {E81: King's Indian: Sämisch: 6th move deviations (including 6 Be3 c6).} 12. Nd5 e6 13. Ne7+ Nxe7 {White has an edge.} 14. Bxe7 Rd7 15. Bb4 Rc8 16. Rc1 Bh6 17. Rc2 {[#]} Nh5 $146 (17... Nxe4 $11 18. fxe4 Bxe4) ({Predecessor:} 17... Rcd8 18. Ng3 Rd1+ 19. Kf2 Bf4 20. Bc3 Nd7 21. Ne2 Bh6 22. Ng3 Bf4 23. Ne2 Bd6 {0-1 (85) Lev,R (2450)-Kraidman,Y (2415) Tel Aviv 1992}) 18. g4 $14 Nf4 19. Nxf4 Bxf4 20. Bd2 Be5 21. Be2 Bd4 22. Bc3 Be3 23. Bd2 Bd4 24. Bc3 Be3 $1 25. h3 (25. Bf6 $16) 25... a5 (25... f5 $11) 26. Bd2 $16 Bd4 27. Bc3 Be3 $1 28. a4 (28. Bf6 $16) 28... Rc5 (28... f5 $11) 29. Bd2 Bd4 30. g5 Rc8 31. Bc3 Bxc3+ 32. Rxc3 Rc5 33. h4 Bc6 34. b3 h6 35. Rg1 Kg7 36. Rd3 Rxd3 37. Bxd3 hxg5 38. hxg5 {[%mdl 4096] Endgame KRB-KRB} Kf8 (38... Be8 $16 39. Kf2 f6) 39. Kf2 $18 Ke7 40. Ke3 e5 41. Bf1 (41. Rd1 $18) 41... Bd7 $16 42. Rh1 Rc8 43. f4 exf4+ 44. Kxf4 Be6 45. e5 (45. Be2 $16) 45... Rd8 $1 $11 46. Ke3 Bf5 47. Be2 Ke6 48. Rh7 Rd7 ({Black should play} 48... Bc2 $11) 49. c5 bxc5 50. Bb5 Rd4 51. Bc4+ Kxe5 52. Rxf7 Re4+ 53. Kd2 Rg4 54. Rf8 {Black escapes into a draw. Accuracy: White = 75%, Black = 82%.} 1/2-1/2

[Event "Summer Prague Open A 2020"]
[Site "Prague"]
[Date "2020.08.13"]
[Round "7.12"]
[White "Vokac, Marek"]
[Black "Post, Hugo"]
[Result "1-0"]
[WhiteElo "2362"]
[BlackElo "2203"]
[Annotator "ChessBase"]
[PlyCount "57"]
[EventDate "2020.08.08"]
[EventCountry "CZE"]
[SourceTitle "playchess.com"]
[Source "ChessBase"]
[SourceQuality "1"]
[TimeControl "40/5400+30:1800+30"]

1. d4 {[%emt 0:00:00]} Nf6 {[%emt 0:00:00]} 2. c4 {[%emt 0:00:00]} e6 {[%emt 0:00:00]} 3. Nf3 {[%emt 0:00:03]} b6 {[%emt 0:00:05]} 4. Nc3 {[%emt 0:00:13]} Bb7 {[%emt 0:04:02]} 5. Bg5 {[%emt 0:00:10]} Be7 {[%emt 0:02:37]} 6. e3 {[%emt 0:00:33]} O-O {[%emt 0:03:37]} 7. Bd3 {[%emt 0:01:33]} c5 {[%emt 0:02:53]} 8. dxc5 {[%emt 0:05:32]} bxc5 {[%emt 0:01:29]} 9. O-O {[%emt 0:01:47]} d6 {[%emt 0:06:51]} 10. Qe2 {[%emt 0:05:41]} Nbd7 {[%emt 0:01:26]} 11. Rad1 {[%emt 0:01:43]} Qb6 {[%emt 0:02:44]} 12. e4 {[%emt 0:01:29]} Rab8 {[%emt 0:05:52]} 13. Rd2 {[%emt 0:01:05]} Rfd8 {[%emt 0:09:31]} 14. Rfd1 {[%emt 0:05:38]} Nf8 {[%emt 0:06:50]} 15. Bb1 {[%emt 0:09:46]} Ng6 {[%emt 0:02:55]} 16. Nh4 {[%emt 0:08:44]} Ne5 {[%emt 0:07:55]} 17. f4 {[%emt 0:03:00]} Nc6 {[%emt 0:00:04]} 18. e5 {[%emt 0:02:43]} dxe5 {[%emt 0:01:28]} 19. fxe5 {[%emt 0:05:14]} Ne8 {[%emt 0:00:08]} 20. Bxe7 {[%emt 0:14:08]} Nxe7 {[%emt 0:00:01]} 21. Rd7 {[%emt 0:00:12]} Ng6 {[%emt 0:07:34]} 22. Bxg6 {[%emt 0:04:29]} hxg6 {[%emt 0:03:00]} 23. Qf2 {[%emt 0:00:11]} f5 {[%emt 0:04:33]} 24. Nxg6 {[%emt 0:00:10]} Rxd7 {[%emt 0:01:14]} 25. Rxd7 {[%emt 0:00:04]} Bc6 {[%emt 0:02:47]} 26. Ne7+ {[%emt 0:02:43]} Kf8 {[%emt 0:00:02]} 27. Ncd5 {[%emt 0:05:11]} Bxd5 {[%emt 0:10:03]} 28. Ng6+ {[%emt 0:00:24]} Kg8 {[%emt 0:00:07]} 29. Qh4 {[%emt 0:00:18]} 1-0

[Event "Summer Prague Open A 2020"]
[Site "Prague"]
[Date "2020.08.13"]
[Round "7.13"]
[White "Kratochvil, Vit"]
[Black "Stinka, Jakub"]
[Result "1-0"]
[WhiteElo "2205"]
[BlackElo "2305"]
[Annotator "ChessBase"]
[PlyCount "75"]
[EventDate "2020.08.08"]
[EventCountry "CZE"]
[SourceTitle "playchess.com"]
[Source "ChessBase"]
[SourceQuality "1"]
[TimeControl "40/5400+30:1800+30"]

1. e4 c5 2. Nf3 Nc6 3. d4 cxd4 4. Nxd4 Nf6 5. Nc3 d6 6. Bc4 Qb6 7. Nxc6 bxc6 8. O-O g6 9. Bb3 Bg7 10. Be3 Qc7 11. f3 O-O 12. Qd2 Rd8 13. Rfd1 Ba6 14. Na4 Nd7 15. c4 Ne5 16. Rac1 c5 17. Nc3 Qb7 18. Nd5 e6 19. Nf4 Rab8 20. Ne2 Qc7 21. Bg5 f6 22. Be3 Rb4 23. Nf4 Kf7 24. Nd3 Nxd3 25. Qxd3 d5 26. exd5 exd5 27. cxd5 c4 28. d6 Qc6 29. Qd2 Qb5 30. a4 Qb7 31. Bc2 Rxb2 32. Qa5 Rd7 33. Be4 Qc8 34. Bd5+ Kf8 35. Be6 Qe8 36. Bxd7 Qxe3+ 37. Kh1 Qe2 38. Bh3 1-0

[Event "Summer Prague Open A 2020"]
[Site "Prague"]
[Date "2020.08.13"]
[Round "7.14"]
[White "Houska, Jiri"]
[Black "Pasti, Aron"]
[Result "1-0"]
[WhiteElo "2202"]
[BlackElo "2325"]
[Annotator "ChessBase"]
[PlyCount "53"]
[EventDate "2020.08.08"]
[EventCountry "CZE"]
[SourceTitle "playchess.com"]
[Source "ChessBase"]
[SourceQuality "1"]
[TimeControl "40/5400+30:1800+30"]

1. e4 {[%emt 0:00:00]} c5 {[%emt 0:00:05]} 2. Nf3 {[%emt 0:00:00]} e6 {[%emt 0:00:25]} 3. d4 {[%emt 0:00:00]} cxd4 {[%emt 0:00:09]} 4. Nxd4 {[%emt 0:00:00]} Nc6 {[%emt 0:00:13]} 5. Nc3 {[%emt 0:00:08]} Qc7 {[%emt 0:00:12]} 6. Be3 {[%emt 0:00:48]} a6 {[%emt 0:00:08]} 7. Bd3 {[%emt 0:00:45]} Bb4 {[%emt 0:00:53]} 8. O-O {[%emt 0:00:51]} Bxc3 {[%emt 0:01:32]} 9. bxc3 {[%emt 0:00:03]} Nge7 {[%emt 0:06:20]} 10. f4 {[%emt 0:02:50]} O-O {[%emt 0:09:26]} 11. Qh5 {[%emt 0:06:10]} g6 {[%emt 0:09:37]} 12. Qh6 {[%emt 0:00:36]} f5 {[%emt 0:04:27]} 13. exf5 {[%emt 0:15:50]} exf5 {[%emt 0:01:15]} 14. Nxc6 {[%emt 0:05:06]} bxc6 {[%emt 0:02:17]} 15. Bd4 {[%emt 0:06:14]} Rf7 {[%emt 0:00:21]} 16. Rae1 {[%emt 0:04:26]} Bb7 {[%emt 0:06:26]} 17. Qg5 {[%emt 0:16:02]} d6 {[%emt 0:07:11]} 18. Re6 {[%emt 0:04:27]} c5 {[%emt 0:16:52]} 19. Rfe1 {[%emt 0:02:45]} Nd5 {[%emt 0:08:12]} 20. Qh6 {[%emt 0:07:09]} Ne7 {[%emt 0:02:23]} 21. Qg5 {[%emt 0:10:00]} Nd5 {[%emt 0:00:12]} 22. Qh6 {[%emt 0:05:09]} Ne7 {[%emt 0:00:13]} 23. Bf6 {[%emt 0:00:56]} Qc6 {[%emt 0:06:33]} 24. Bf1 {[%emt 0:01:43]} Nd5 {[%emt 0:00:49]} 25. Be5 {[%emt 0:01:13]} Re8 {[%emt 0:09:29]} 26. Rxg6+ {[%emt 0:00:58]} hxg6 {[%emt 0:00:03]} 27. Qh8# 1-0

[Event "Summer Prague Open A 2020"]
[Site "Prague"]
[Date "2020.08.13"]
[Round "7.15"]
[White "Froeyman, Helmut"]
[Black "Richter, Philipp"]
[Result "0-1"]
[WhiteElo "2281"]
[BlackElo "2127"]
[Annotator "ChessBase"]
[PlyCount "57"]
[EventDate "2020.08.08"]
[EventCountry "CZE"]
[SourceTitle "playchess.com"]
[Source "ChessBase"]
[SourceQuality "1"]
[TimeControl "40/5400+30:1800+30"]

1. e4 {[%emt 0:00:00]} e6 {[%emt 0:00:00]} 2. d4 {[%emt 0:00:00]} d5 {[%emt 0:00:00]} 3. Nc3 {[%emt 0:00:00]} Bb4 {[%emt 0:00:00]} 4. e5 {[%emt 0:00:19]} Ne7 {[%emt 0:00:00]} 5. a3 {[%emt 0:00:11]} Bxc3+ {[%emt 0:00:00]} 6. bxc3 {[%emt 0:00:06]} c5 {[%emt 0:00:00]} 7. Qg4 {[%emt 0:00:33]} Qc7 {[%emt 0:00:00]} 8. Qxg7 {[%emt 0:00:20]} Rg8 {[%emt 0:00:04]} 9. Qxh7 {[%emt 0:00:08]} cxd4 {[%emt 0:00:04]} 10. Ne2 {[%emt 0:00:21]} Nbc6 {[%emt 0:00:03]} 11. f4 {[%emt 0:00:15]} dxc3 {[%emt 0:00:06]} 12. h4 {[%emt 0:01:31]} b6 {[%emt 0:00:06]} 13. Nxc3 {[%emt 0:02:21]} Nxe5 {[%emt 0:00:11]} 14. Nb5 {[%emt 0:08:05]} Qb8 {[%emt 0:00:11]} 15. fxe5 {[%emt 0:03:24]} Qxe5+ {[%emt 0:00:12]} 16. Kd1 {[%emt 0:01:17]} a6 {[%emt 0:15:30]} 17. Rb1 {[%emt 0:07:45]} axb5 {[%emt 0:00:25]} 18. Bxb5+ {[%emt 0:13:30]} Bd7 {[%emt 0:00:36]} 19. Bb2 {[%emt 0:14:48]} Qg3 {[%emt 0:07:31]} 20. Bf1 {[%emt 0:24:27]} Qg4+ {[%emt 0:18:07]} 21. Be2 {[%emt 0:02:32]} Qxg2 {[%emt 0:00:15]} 22. Rf1 {[%emt 0:01:08]} Nf5 {[%emt 0:00:54]} 23. Rxf5 {[%emt 0:08:07]} exf5 {[%emt 0:00:09]} 24. Bf6 {[%emt 0:04:32]} f4 {[%emt 0:10:09]} 25. Rb3 {[%emt 0:05:10]} Ra4 {[%emt 0:09:43]} 26. Bd3 {[%emt 0:01:03]} Qg1+ {[%emt 0:06:16]} 27. Kd2 {[%emt 0:00:05]} Rg2+ {[%emt 0:00:15]} 28. Kc3 {[%emt 0:00:41]} Qa1+ {[%emt 0:00:09]} 29. Rb2 {[%emt 0:00:27]} 0-1

[Event "Summer Prague Open A 2020"]
[Site "Prague"]
[Date "2020.08.13"]
[Round "7.16"]
[White "Csiki, Endre"]
[Black "Iolis, Oleg"]
[Result "1/2-1/2"]
[WhiteElo "2266"]
[BlackElo "2166"]
[Annotator "ChessBase"]
[PlyCount "53"]
[EventDate "2020.08.08"]
[EventCountry "CZE"]
[SourceTitle "playchess.com"]
[Source "ChessBase"]
[SourceQuality "1"]
[TimeControl "40/5400+30:1800+30"]

1. e4 {[%emt 0:00:00]} c5 {[%emt 0:00:00]} 2. Nf3 {[%emt 0:00:00]} d6 {[%emt 0:00:00]} 3. Bb5+ Nc6 4. O-O {[%emt 0:00:00]} Bd7 {[%emt 0:00:04]} 5. Re1 {[%emt 0:00:01]} Nf6 {[%emt 0:00:05]} 6. c3 {[%emt 0:00:06]} a6 {[%emt 0:01:01]} 7. Bf1 {[%emt 0:00:12]} Bg4 {[%emt 0:00:30]} 8. h3 {[%emt 0:00:13]} Bxf3 {[%emt 0:00:12]} 9. Qxf3 {[%emt 0:00:05]} g6 {[%emt 0:00:56]} 10. d3 {[%emt 0:00:44]} Bg7 {[%emt 0:00:12]} 11. Be3 {[%emt 0:00:06]} Rc8 {[%emt 0:04:51]} 12. Nd2 {[%emt 0:01:51]} e5 {[%emt 0:05:40]} 13. g3 {[%emt 0:06:31]} O-O {[%emt 0:00:52]} 14. h4 {[%emt 0:02:51]} Qd7 {[%emt 0:02:40]} 15. Nc4 {[%emt 0:02:13]} Qe6 {[%emt 0:10:05]} 16. Nb6 {[%emt 0:01:47]} Rcd8 {[%emt 0:01:20]} 17. Nd5 {[%emt 0:17:04]} Ne7 {[%emt 0:03:08]} 18. Bh3 {[%emt 0:10:49]} Qxh3 {[%emt 0:00:10]} 19. Nxe7+ {[%emt 0:00:21]} Kh8 {[%emt 0:00:02]} 20. Bg5 {[%emt 0:00:27]} Ng4 {[%emt 0:04:37]} 21. Qg2 {[%emt 0:01:46]} Qxg2+ {[%emt 0:01:59]} 22. Kxg2 {[%emt 0:00:05]} f6 {[%emt 0:11:52]} 23. Bd2 {[%emt 0:00:52]} Bh6 {[%emt 0:01:08]} 24. Bxh6 {[%emt 0:02:11]} Nxh6 {[%emt 0:00:08]} 25. a4 {[%emt 0:00:25]} f5 {[%emt 0:02:07]} 26. Nd5 {[%emt 0:00:57]} Rf7 {[%emt 0:02:42]} 27. Re2 {[%emt 0:00:49]} 1/2-1/2

[Event "Summer Prague Open A 2020"]
[Site "Prague"]
[Date "2020.08.13"]
[Round "7.17"]
[White "Haack, Kevin"]
[Black "Cap, Adam"]
[Result "1-0"]
[WhiteElo "2180"]
[BlackElo "2278"]
[Annotator "ChessBase"]
[PlyCount "93"]
[EventDate "2020.08.08"]
[EventCountry "CZE"]
[SourceTitle "playchess.com"]
[Source "ChessBase"]
[SourceQuality "1"]
[TimeControl "40/5400+30:1800+30"]

1. c4 {[%emt 0:00:00]} e6 {[%emt 0:00:00]} 2. Nf3 {[%emt 0:00:00]} d5 {[%emt 0:00:00]} 3. g3 {[%emt 0:00:00]} Nf6 {[%emt 0:00:00]} 4. Bg2 {[%emt 0:00:00]} Be7 {[%emt 0:00:02]} 5. O-O {[%emt 0:00:06]} O-O {[%emt 0:00:25]} 6. d4 {[%emt 0:01:19]} dxc4 {[%emt 0:00:12]} 7. Ne5 {[%emt 0:00:22]} Nc6 {[%emt 0:00:20]} 8. Bxc6 {[%emt 0:00:51]} bxc6 {[%emt 0:00:26]} 9. Nxc6 {[%emt 0:00:05]} Qd6 {[%emt 0:05:15]} 10. Nxe7+ {[%emt 0:02:07]} Qxe7 {[%emt 0:01:09]} 11. Qa4 {[%emt 0:00:04]} e5 {[%emt 0:05:19]} 12. dxe5 {[%emt 0:00:32]} Qxe5 {[%emt 0:01:12]} 13. Qxc4 {[%emt 0:00:17]} Be6 {[%emt 0:07:50]} 14. Qd3 {[%emt 0:13:19]} Rad8 {[%emt 0:05:38]} 15. Qe3 {[%emt 0:01:00]} Qh5 {[%emt 0:00:23]} 16. f3 {[%emt 0:02:26]} Bh3 {[%emt 0:18:24]} 17. Re1 {[%emt 0:01:31]} Rfe8 {[%emt 0:00:30]} 18. Qf2 {[%emt 0:04:57]} Nd5 {[%emt 0:06:39]} 19. Bd2 {[%emt 0:15:41]} Re6 {[%emt 0:09:06]} 20. e4 {[%emt 0:10:37]} Nb6 {[%emt 0:01:52]} 21. b3 {[%emt 0:07:33]} Rd3 {[%emt 0:06:01]} 22. Re3 {[%emt 0:02:56]} Red6 {[%emt 0:00:24]} 23. Qe2 {[%emt 0:03:26]} Qe5 {[%emt 0:04:55]} 24. Qxd3 {[%emt 0:11:55]} Rxd3 {[%emt 0:02:34]} 25. Rxd3 {[%emt 0:00:07]} f5 {[%emt 0:00:07]} 26. Nc3 {[%emt 0:03:12]} fxe4 {[%emt 0:00:05]} 27. Re1 {[%emt 0:01:01]} Qc5+ {[%emt 0:02:15]} 28. Be3 {[%emt 0:00:30]} Qb4 {[%emt 0:04:49]} 29. fxe4 {[%emt 0:00:30]} h6 {[%emt 0:01:02]} 30. Bf2 {[%emt 0:03:37]} Nd7 {[%emt 0:04:03]} 31. Nd5 {[%emt 0:03:37]} Qb5 {[%emt 0:01:18]} 32. Nf4 {[%emt 0:01:55]} Bg4 {[%emt 0:01:24]} 33. h3 {[%emt 0:01:19]} Be6 {[%emt 0:02:13]} 34. Red1 {[%emt 0:01:31]} Nc5 {[%emt 0:00:04]} 35. Rd5 {[%emt 0:02:29]} Bxd5 {[%emt 0:00:58]} 36. Rxd5 {[%emt 0:00:06]} Qb4 {[%emt 0:00:39]} 37. Rxc5 {[%emt 0:00:58]} Qxe4 {[%emt 0:00:07]} 38. Rc1 {[%emt 0:03:23]} g5 {[%emt 0:00:56]} 39. Ng2 {[%emt 0:01:17]} a5 {[%emt 0:00:42]} 40. Be3 {[%emt 0:01:45]} Qe5 {[%emt 0:01:18]} 41. Kh2 {[%emt 0:02:16]} Qb2 {[%emt 0:01:31]} 42. Rxc7 {[%emt 0:02:02]} Qxa2 {[%emt 0:00:07]} 43. Ra7 {[%emt 0:01:39]} Qxb3 {[%emt 0:00:27]} 44. Rxa5 {[%emt 0:00:08]} Kh7 {[%emt 0:00:24]} 45. Ra6 {[%emt 0:01:27]} Qd3 {[%emt 0:00:47]} 46. Rb6 {[%emt 0:00:08]} Qe4 {[%emt 0:00:34]} 47. h4 {[%emt 0:04:15]} 1-0

[Event "Summer Prague Open A 2020"]
[Site "Prague"]
[Date "2020.08.13"]
[Round "7.18"]
[White "Kanakova, Natalie"]
[Black "Brejnik, Gustav"]
[Result "0-1"]
[WhiteElo "2162"]
[BlackElo "2265"]
[Annotator "ChessBase"]
[PlyCount "90"]
[EventDate "2020.08.08"]
[EventCountry "CZE"]
[SourceTitle "playchess.com"]
[Source "ChessBase"]
[SourceQuality "1"]
[TimeControl "40/5400+30:1800+30"]

1. c4 c6 2. Nf3 d5 3. e3 Nf6 4. Nc3 e6 5. b3 Bd6 6. Bb2 O-O 7. Be2 b6 8. O-O Bb7 9. d4 Nbd7 10. Qc2 c5 11. cxd5 exd5 12. Rfd1 Rc8 13. Rac1 Bb8 14. Bf1 Qe7 15. Ba3 Rfd8 16. Qe2 Qe6 17. dxc5 bxc5 18. Na4 Ne4 19. Qb5 Bc6 20. Qa6 Qh6 21. h3 Qd6 22. Bd3 Qe7 23. Bb1 Ba8 24. Qd3 Rc6 25. Nc3 Ndf6 26. Bb2 Nxc3 27. Qxc3 d4 28. Qd3 Re6 29. Ng5 Re5 30. Nxh7 Ne4 31. exd4 Kxh7 32. f3 cxd4 33. Bxd4 Re6 34. fxe4 Bxe4 35. Qc3 Qd6 36. g3 Bxb1 37. Rxb1 Re4 38. Qc2 Qxg3+ 39. Kf1 Qxh3+ 40. Kg1 Rdxd4 41. Rxd4 Qe3+ 42. Kg2 Qxd4 43. Rh1+ Kg6 44. Re1 f5 45. Qc6+ Bd6 0-1

[Event "Summer Prague Open A 2020"]
[Site "Prague"]
[Date "2020.08.13"]
[Round "7.19"]
[White "Sprenar, Petr"]
[Black "Babula, Milan"]
[Result "1/2-1/2"]
[WhiteElo "2257"]
[BlackElo "2160"]
[Annotator "RC"]
[PlyCount "123"]
[EventDate "2020.08.08"]
[EventCountry "CZE"]
[SourceTitle "playchess.com"]
[Source "ChessBase"]
[SourceQuality "1"]
[TimeControl "40/5400+30:1800+30"]

1. Nf3 f5 2. g3 Nf6 3. Bg2 d6 4. d3 e5 5. O-O Be7 6. e4 O-O 7. exf5 Bxf5 8. c3 Kh8 9. Nh4 Bc8 10. c4 Nc6 11. Nf3 Bf5 12. Nc3 Qe8 13. h3 Qh5 14. Nh4 Qxd1 15. Rxd1 Be6 16. Be3 a6 17. a3 Ng8 18. Nd5 Bxh4 19. Nxc7 Be7 20. Nxe6 Rf6 21. Nc7 Rc8 22. Nd5 Rf7 23. b4 Nd4 24. Bxd4 exd4 25. Nxe7 Rxe7 26. Re1 Rce8 27. Kf1 Nf6 28. Rxe7 Rxe7 29. Re1 Rxe1+ 30. Kxe1 b6 31. Ke2 g5 32. Bb7 a5 33. bxa5 bxa5 34. Bc6 Kg7 35. Kd2 Kf8 36. Kc2 Ke7 37. Kb3 Kd8 38. Ka4 Kc7 39. Kb5 a4 40. Bg2 Nd7 41. Be4 h6 42. Kxa4 Nc5+ 43. Kb4 Kb6 44. Bf5 Na6+ 45. Kb3 Nc5+ 46. Kc2 Kc6 47. f4 gxf4 48. gxf4 Kc7 49. Kd2 Kd8 50. Ke2 Ke7 51. Be4 Kd7 52. Bd5 Kc7 53. Kd2 Kd7 54. f5 Ke7 55. Ke2 Kf6 56. Be4 Ke5 57. Kf3 Na4 58. Bc6 Nc5 59. a4 Nxd3 60. a5 Nb4 61. Bb7 d5 62. cxd5 1/2-1/2

[Event "Summer Prague Open A 2020"]
[Site "Prague"]
[Date "2020.08.14"]
[Round "8.1"]
[White "Plat, Vojtech"]
[Black "Petr, Martin"]
[Result "1/2-1/2"]
[WhiteElo "2555"]
[BlackElo "2455"]
[Annotator "ChessBase"]
[PlyCount "30"]
[EventDate "2020.08.08"]
[EventCountry "CZE"]
[SourceTitle "playchess.com"]
[Source "ChessBase"]
[SourceQuality "1"]
[TimeControl "40/5400+30:1800+30"]

1. d4 {[%emt 0:04:33]} d5 {[%emt 0:00:00]} 2. c4 {[%emt 0:00:08]} e6 {[%emt 0:00:14]} 3. Nc3 {[%emt 0:00:06]} Be7 {[%emt 0:00:05]} 4. Nf3 {[%emt 0:01:20]} Nf6 {[%emt 0:00:37]} 5. g3 {[%emt 0:01:33]} O-O {[%emt 0:07:29]} 6. Bg2 {[%emt 0:00:16]} dxc4 {[%emt 0:00:31]} 7. O-O {[%emt 0:03:21]} Nc6 {[%emt 0:11:38]} 8. e3 {[%emt 0:02:52]} Nd5 {[%emt 0:14:15]} 9. Nd2 {[%emt 0:05:38]} Nb6 {[%emt 0:02:50]} 10. Na4 {[%emt 0:05:36]} Na5 {[%emt 0:04:18]} 11. Nc5 {[%emt 0:00:39]} e5 {[%emt 0:02:29]} 12. b4 {[%emt 0:11:03]} cxb3 {[%emt 0:01:44]} 13. axb3 {[%emt 0:00:05]} Nc6 {[%emt 0:00:10]} 14. Bb2 {[%emt 0:00:02]} exd4 {[%emt 0:02:50]} 15. exd4 {[%emt 0:00:03]} Nd5 {[%emt 0:03:24]} 1/2-1/2